• 首页
  • 本馆介绍
  • 公告通知
  • 最新文献
  • 馆藏检索
  • 电子资源
  • 读者导购
  • 参考咨询
  • 我的图书馆
  • 登录
  • 详细信息显示
  • 放入我的书架
  • 预约/预借图书
  • 作者相关作品
  • 分类相关作品
  • 丛书相关作品
  • 出版社相关作品

书目信息

  • 表格格式
  • 工作单格式
  • 卡片格式
题名:
人际沟通
    
 
作者: 李峥
分册:  
出版信息: 北京   中国协和医科大学  2004
页数: 177页
开本: 26cm
丛书名: 面向21世纪课程教材
单 册:
中图分类: R472
科图分类:
主题词: 护理学
电子资源:
ISBN: 7-81072-477-0
000 00547nam0 2200205 450
001 0753865015
005 20070818145745.01
010    @a7-81072-477-0@d¥20.00
100    @a20070818d km y0chiy0120 ea
101 0  @achi
200 1  @a人际沟通@Aren ji gou tong@f李峥@Fli zheng
210    @a北京@c中国协和医科大学@d2004
215    @a177页@d26cm
225 2  @a面向21世纪课程教材
410  0 @12001 @a面向21世纪课程教材
606 0  @a护理学
690    @aR472@v3
701  0 @a李峥@Ali zheng
801  0 @aCN@bPFT@c20070818
905    @a213230@dR472@ee8@f1
    
    人际沟通/李峥.-北京:中国协和医科大学,2004
    177页;26cm.-(面向21世纪课程教材)
    
    
    ISBN 7-81072-477-0:¥20.00
    
●
相关链接 在E读中查询图书 在五车中查询图书 在当当中查询图书 在豆瓣中查询图书


正题名:人际沟通     索取号:R472/e8         预约/预借

序号 登录号 条形码 馆藏地/架位号 状态 备注
1 6304145   263041452   教育系资料室/ [索取号:R472/e8] 在馆    
2 6304146   263041461   教育系资料室/ [索取号:R472/e8] 在馆    
唐山师范学院图书馆 欢迎您!
大连网信软件有限公司© 版权所有